000 00260nam a2200121Ia 4500
008 190216s9999||||xx |||||||||||||| ||und||
100 _aDoomkethu
245 0 _aHindi-Nayika Devi
260 _bNavarang
_c2009
300 _a170
650 _aHindi
942 _cBK
999 _c16674
_d16674